| 000 | 00000nam##2200000za#4500 |
| 001 | 9.578588 |
| 003 | CaOODSP |
| 005 | 20210624190147 |
| 007 | cr ||||||||||| |
| 008 | 150406|1988||||xxc|||||o f|0| 0 eng|d |
| 022 | |a1488-5379 |
| 040 | |aCaOODSP|beng |
| 043 | |an-cn--- |
| 086 | 1 |aFs97-6/1616E-PDF |
| 110 | 1 |aCanada. |bDepartment of Fisheries and Oceans. |
| 245 | 10|aNearshore epibenthos of the Campbell River Estuary and Discovery Passage 1983, in relation to juvenile Chinook diets / |h[electronic resource]|cby B.A. Kask, T.J. Brown, C.C. McAllister. |
| 260 | |aNanaimo - British Columbia : |bFisheries and Oceans Canada |c1988. |
| 300 | |a82p.|bfigs., references, tables |
| 490 | 1 |aCanadian technical report of fisheries and aquatic sciences|x1488-5379|vNo. 1616 |
| 500 | |aOn t.p.: Pacific Biological Station, Nanaimo, British Columbia. The catalogue number and ISSN for the print edition appear in the PDF version. |
| 546 | |a(Résumé en français) |
| 590 | |a14-03-Supp|b2014-01-17 |
| 720 | 1 |aBrown, T. J. |
| 720 | 1 |aKask, B. A. |
| 720 | 1 |aMcAllister, C. C. |
| 830 | #0|aCanadian technical report of fisheries and aquatic sciences,|x1488-5379|vNo. 1616|w(CaOODSP)9.504449 |
| 856 | 40|ahttp://publications.gc.ca|qPDF|s4323 KB|uhttps://publications.gc.ca/collections/collection_2014/mpo-dfo/Fs97-6-1616-eng.pdf|yNo. 1616 |